S. Thomas D'Aquin (Registro nro. 305706)
[ vista simple ]
| 000 -ENCABEZADO | |
|---|---|
| Número de control [NR] | 01499nam a22002897a 4500 |
| 005 - FECHA Y HORA DE LA ÚLTIMA TRANSACCIÓN | |
| control field | 20161213074943.0 |
| 008 - DE LONGITUD FIJA DE DATOS DE ELEMENTOS - INFORMACIÓN GENERAL | |
| Elementos de longitud fija [NR] | 130821s1910 fr |||fr 1 dfre d |
| 040 ## - FUENTE DE CATALOGACION [NR] | |
| Agencia de catalogación original [NR] | Co-BoUCM |
| Idioma de catalogación [NR] | spa |
| Quien Cataloga | Sandra Yazo |
| Quien Clasifica | Sandra Yazo |
| 041 00 - CODIGO DE IDIOMA [R] | |
| Código de idioma para texto/pista de sonido o título separado [R] | Francés |
| 082 04 - NUMERO DE CLASIFICACION DECIMAL DEWEY [R] | |
| Número de clasificación [R] | 924 |
| Número de la edición [NR] | 20 |
| 092 ## - SIGNATURA TOPOGRAFICA LOCAL | |
| Número de clasificación local | E41N004 |
| 100 1# - ASIENTO PRINCIPAL--NOMBRE PERSONAL [NR] | |
| Nombre personal [NR] | Sertillanges, Antonin-Dalmace |
| Fechas asociadas con el nombre [NR] | 1863-1948 |
| ID Autoridad | 82979 |
| 242 00 - TRADUCCION DEL TITULO POR LA AGENCIA CATALOGADORA [R] | |
| Título [NR] | Santo Tomás de Aquino |
| Mención de responsabilidad, etc. [NR] | Por A D. Sertillanges |
| Código de idioma del título traducido [NR] | spa |
| 245 10 - MENCION DE TITULO [NR] | |
| Título [NR] | S. Thomas D'Aquin |
| Mención de responsabilidad, etc. [NR] | par A.-D.Sertillanges |
| 260 ## - PUBLICACION, DISTRIBUCION, ETC. (PIE DE IMPRENTA) [R] | |
| Lugar de publicación, distribución, etc. [R] | París (Francia) |
| Nombre del editor, distribuidor, etc. [R] | Felix Alcan |
| -- | Typographie Firmin-Didot et Cie [Tipografía de Firmin-Didot y Compañía] |
| Fecha de publicación, distribución, etc. [R] | 1910 |
| 300 ## - DESCRIPCION FISICA [R] | |
| Extensión [R] | 2 volumenenes (vii,334 ; 348 páginas |
| Dimensiones [R] | 22 x 14 cm. |
| 490 #4 - MENCION DE SERIE [R] | |
| Mención de serie [R] | Les Grands Philosophes [Los grandes filósofos] |
| 500 ## - NOTA GENERAL [R] | |
| Nota general [NR] | Detalles físicos: Encuadernación rígida (holandesa) en cartón duro, forrado en papel jaspeado. Lomo de piel texturizada, nervaduras sobre costuras y adornos en dorado. Guardas simulando papel de agua. Hoja de cortesía. Anteportada. Portada impresa en una sola tinta. Texto impreso en una sola columna. Notas de pie de página. Cinta para señalar la lectura. Papel con manchas de oxidación en bordes |
| 504 ## - NOTA DE BIBLIOGRAFIA, ETC. [R] | |
| Nota de bibliografía, etc. [NR] | Incluye referencias bibliográficas e índices |
| 506 ## - NOTA DE RESTRICCIONES DE ACCESO [R] | |
| Condiciones de acceso [NR] | Consulta en sala |
| 546 ## - NOTA DE IDIOMA [R] | |
| Nota de idioma [NR] | Texto en francés |
| 600 17 - ASIENTO SECUNDARIO DE MATERIA - NOMBRE PERSONAL [R] | |
| Nombre personal [NR] | Tomás de Aquino |
| 9 (RLIN) | 859 |
| Títulos y otras palabras asociadas con el nombre [R] | Santo |
| Fechas asociadas con el nombre [NR] | 1225-1274 |
| Subdivisión general [R] | Biografías |
| 650 #7 - ASIENTO SECUNDARIO DE MATERIA - TERMINO TEMATICO [R] | |
| Término temático o nombre geográfico como elemento de entrada [NR] | Filósofos italianos |
| 9 (RLIN) | 15878 |
| 650 #7 - ASIENTO SECUNDARIO DE MATERIA - TERMINO TEMATICO [R] | |
| Término temático o nombre geográfico como elemento de entrada [NR] | Teólogos |
| 9 (RLIN) | 25244 |
| 690 ## - ASUNTO AGREGADO LOCAL DE ENTRADA - TÉRMINO TEMÁTICO (OCLC, RLIN) | |
| Acceso temático local | Biografías |
| 9 (RLIN) | 7343 |
| 942 ## - ELEMENTOS DE ENTRADA AGREGADOS (KOHA) | |
| Tipo de ítem principal el descrito en 300a | Libro |
| Edición | 1 |
| Sistema de clasificación | LOCAL |
| Clasificación | E41N004 |
| Suprimido | Perdido | Sistema de clasificación | Dañado | No prestable | Tipo de ítem específico | Ubicación habitual | Ubicación actual | Localización | Fecha de creación | Forma de adquisición | Costo | Volúmen / Fascículo | Total préstamos | Signatura topográfica | Código de barras | Última vez visto | Ejemplar | Price effective from | Tipo de ítem |
|---|---|---|---|---|---|---|---|---|---|---|---|---|---|---|---|---|---|---|---|
| LOCAL | Libro archivo | Archivo Histórico | Archivo Histórico | Archivo histórico | 13/12/2016 | Donación | 0.00 | V.1 | E41N004 | L005981 | 13/12/2016 | Ej.1 | 13/12/2016 | Libro | |||||
| LOCAL | Libro archivo | Archivo Histórico | Archivo Histórico | Archivo histórico | 13/12/2016 | Donación | 0.00 | V.2 | E41N004 | L005982 | 13/12/2016 | Ej.1 | 13/12/2016 | Libro |